| 000 -ლიდერი |
| ფიქსირებული სიგრძის საკონტროლო ველი |
01536nam a22002177a 4500 |
| 003 - საკონტროლო ნომრის იდენტიფიკატორი |
| საკონტროლო ველი |
Ge_BSU |
| 005 - ბოლო ოპერაციის თარიღი და დრო |
| საკონტროლო ველი |
20250213111715.0 |
| 008 - ფიქსირებული სიგრძის მონაცემთა ელემენტები - ზოგადი ინფორმაცია |
| ფიქსირებული სიგრძის საკონტროლო ველი |
250213s1998 ge ||||| |||| 00| 0 geo d |
| 020 ## - წიგნის საერთაშორისო სტანდარტული ნომერი |
| International Standard Book Number |
5511008966 |
| 041 ## - ენის კოდი |
| Language code of text/sound track or separate title |
geo |
| 080 ## - უნივერსალური ათობითი კლასიფიკაციის ინდექსი |
| Universal Decimal Classification number |
327(479.22)(09) ქ-32 |
| 245 ## - ცნობა სათაურის შესახებ |
| Title |
ქართული დიპლომატიის ისტორიის ნარკვევები : |
| Remainder of title |
[2 ნაწილად]. ნაწ. 1 / |
| Statement of responsibility, etc |
მთ. რედ.: როინ მეტრეველი; თსუ, ქართ. სახელმწ. და სახ. დიპლომატიის ისტ. სამეცნ.-კვლევ. ცენტრი. |
| 264 ## - წარმოების, გამოცემის, დისტრიბუციის და სხვა ცნობები |
| გამოცემის, წარმოების, დისტრიბუციის... ადგილი |
თბილისი : |
| გამოცემის, წარმოების, დისტრიბუციის... სახელწოდება |
თბილ. უნ-ტის გამ-ბა, |
| გამოცემის, წარმოების, დისტრიბუციის... თარიღი |
1998. |
| 300 ## - ფიზიკური აღწერა |
| Extent |
551 გვ.; |
| Other physical details |
20 სმ. |
| 500 ## - ზოგადი შენიშვნა |
| General note |
პარალ. თავფურც. ინგლ. ენ. |
| 504 ## - BIBLIOGRAPHY, ETC. NOTE |
| Bibliography, etc |
ბიბლიოგრაფია ტექსტის შენიშვნებში. |
| 653 ## - INDEX TERM--UNCONTROLLED |
| Uncontrolled term |
ქართული დიპლომატიის ისტორია |
| 700 ## - ADDED ENTRY--PERSONAL NAME |
| Personal name |
მეტრეველი, როინ |
| Relator term |
რედაქტორი. |
| 9 (RLIN) |
24352 |
| 710 ## - ADDED ENTRY--CORPORATE NAME |
| Corporate name or jurisdiction name as entry element |
თბილისის სახელმწიფო უნივერსიტეტი. |
| Subordinate unit |
ქართული სახელმწიფო და სახალხო დიპლომატიის ისტორიის სამეცნიერო-კვლევითი ცენტრი. |
| 9 (RLIN) |
1063 |
| 942 ## - ADDED ENTRY ELEMENTS (KOHA) |
| Source of classification or shelving scheme |
|
| Koha item type |
წიგნი |